[Event "Doha AAB op 5th"]
[Site "Doha"]
[Date "2021.11.20"]
[Round "7"]
[White "Mohamed, Sadiq Chanthana"]
[Black "Mendoza, Ryan"]
[Result "1-0"]
[WhiteElo "1793"]
[BlackElo "1953"]
[PlyCount "92"]
[EventDate "2021.11.12"]
[EventType "swiss"]
[EventRounds "7"]
[EventCountry "QAT"]
[SourceTitle "CBM 205 Extra"]
[Source "ChessBase"]
[SourceDate "2022.01.31"]
[SourceVersion "1"]
[SourceVersionDate "2022.01.31"]
[SourceQuality "1"]

1. d4 Nf6 2. c4 g6 3. Nc3 d5 4. cxd5 Nxd5 5. e4 Nxc3 6. bxc3 Bg7 7. Bc4 0-0 8. Ne2 c5 9. 0-0 Nc6 10. Be3 Na5 11. Bd3 c4 12. Bc2 b6 13. Qd2 Re8 14. Rab1 Qd6 15. Qc1 Bb7 16. f3 Red8 17. Rd1 e6 18. Bg5 Re8 19. e5 Qf8 20. Ng3 f6 21. exf6 Bxf6 22. Be4 Bxg5 23. Qxg5 Qe7 24. Qh6 Bd5 25. Re1 Qf7 26. Re2 Nb7 27. Rbe1 Nd6 28. Qg5 Nb5 29. Re3 Nc7 30. Nh5 Qe7 31. Qxe7 Rxe7 32. Nf6+ Kg7 33. Bxd5 Rd8 34. Bxe6 Kxf6 35. Bxc4 Rxe3 36. Rxe3 Nd5 37. Bxd5 Rxd5 38. Kf2 Ra5 39. Re2 Ra3 40. Rc2 Ke6 41. Ke2 Kd5 42. Kd3 b5 43. Rb2 a6 44. f4 a5 45. h3 Ra4 46. g4 Rc4 1-0